Statistics for Current Presidents of the World

Click here to take the quiz!

General Stats

  • This quiz has been taken 207 times
  • The average score is 10 of 20

Answer Stats

PresidentCountry% Correct
Barack ObamaUnited States
99%
Vladimir PutinRussia
98%
Xi JinpingChina
95%
Recep Tayyip ErdoğanTurkey
78%
Prokopis PavlopoulosGreece
69%
Bashar al-AssadSyria
68%
Petro PoroshenkoUkraine
58%
Bronisław KomorowskiPoland
56%
Dilma RousseffBrazil
53%
Nicolás MaduroVenezuela
52%
Heinz FischerAustria
48%
Trương Tấn SangVietnam
47%
Ólafur Ragnar GrímssonIceland
44%
Giorgi MargvelashviliGeorgia
38%
Mahmoud AbbasPalestine
34%
Benigno Aquino IIIPhilippines
29%
Ashraf GhaniAfghanistan
25%
Miloš ZemanCzech Republic
23%
Klaus IohannisRomania
20%
Tsakhiagiin ElbegdorjMongolia
9%

Score Distribution

Percentile by Number Answered

Percent of People with Each Score

Your Score History

You have not taken this quiz